Международные переговоры: учебник для магистров

Detalles Bibliográficos
Autor Principal: Василенко И. А. Ирина Алексеевна
Autor Corporativo: Дипломатическая академия МИД России
Summary:Во втором издании учебника представлена современная концепция международных переговоров в бизнесе и политике с опорой на новейшие информационные технологии и социокультурные приоритеты. Особое внимание уделено сложным моделям переговоров в условиях острого конфликта сторон с использованием технологий медиации, а также личностным стилям ведения переговоров ведущих мировых политических лидеров. Рассматриваются западные и восточные стратегии ведения международных переговоров, роль национальных стилей и традиций в процессе межкультурных коммуникаций, при этом значительное внимание уделяется национальным особенностям русского стиля ведения переговоров, его сильным и слабым сторонам, разоблачению многочисленных мифов о русских переговорщиках, которые широко распространены в мировых каналах коммуникаций. Представлена авторская классификация 16 личностных переговорных стилей, разработанная на основе современного Международного стандарта психологических типов и теории психических базовых констант личности К. Г. Юнга. Теоретические разделы книги дополняет практикум, в котором подобраны тесты, тренинги, кейсы, деловые игры по каждой теме. Соответствует Федеральному государственному образовательному стандарту высшего профессионального образования третьего поколения.
Idioma:ruso
Publicado: Москва, Юрайт, 2013
Edición:2-е изд., перераб. и доп.
Series:Магистр
Subjects:
Formato: Libro
KOHA link:https://koha.lib.tpu.ru/cgi-bin/koha/opac-detail.pl?biblionumber=221175

MARC

LEADER 00000nam0a2200000 4500
001 221175
005 20231101230401.0
010 |a 9785991622431 
035 |a (RuTPU)RU\TPU\book\241319 
090 |a 221175 
100 |a 20120907d2013 m y0rusy50 ca 
101 0 |a rus 
102 |a RU 
105 |a y j 001zy 
200 1 |a Международные переговоры  |e учебник для магистров  |f И. А. Василенко  |g Дипломатическая академия МИД России 
205 |a 2-е изд., перераб. и доп. 
210 |a Москва  |c Юрайт  |d 2013 
215 |a 486 с. 
225 1 |a Магистр 
320 |a Библиогр.: с. 468-471. 
320 |a Глоссарий: с. 460-467. 
330 |a Во втором издании учебника представлена современная концепция международных переговоров в бизнесе и политике с опорой на новейшие информационные технологии и социокультурные приоритеты. Особое внимание уделено сложным моделям переговоров в условиях острого конфликта сторон с использованием технологий медиации, а также личностным стилям ведения переговоров ведущих мировых политических лидеров. Рассматриваются западные и восточные стратегии ведения международных переговоров, роль национальных стилей и традиций в процессе межкультурных коммуникаций, при этом значительное внимание уделяется национальным особенностям русского стиля ведения переговоров, его сильным и слабым сторонам, разоблачению многочисленных мифов о русских переговорщиках, которые широко распространены в мировых каналах коммуникаций. Представлена авторская классификация 16 личностных переговорных стилей, разработанная на основе современного Международного стандарта психологических типов и теории психических базовых констант личности К. Г. Юнга. Теоретические разделы книги дополняет практикум, в котором подобраны тесты, тренинги, кейсы, деловые игры по каждой теме. Соответствует Федеральному государственному образовательному стандарту высшего профессионального образования третьего поколения. 
606 1 |a Международные переговоры  |x Международные отношения  |2 stltpush  |3 (RuTPU)RU\TPU\subj\69987  |9 84581 
610 1 |a внешняя политика 
610 1 |a международные отношения 
610 1 |a игры 
610 1 |a медиация 
610 1 |a стратегические модели 
610 1 |a общение 
610 1 |a культура 
610 1 |a технические приемы 
610 1 |a деловой этикет 
610 1 |a публичные выступления 
610 1 |a невербальные коммуникации 
610 1 |a переговорный процесс 
610 1 |a переговорщики 
610 1 |a ошибки 
610 1 |a личностная компетентность 
610 1 |a профессиональное мастерство 
610 1 |a политический пиар 
610 1 |a информационное сопровождение 
610 1 |a социокультурные традиции 
610 1 |a западные партнеры 
610 1 |a национальные особенности 
610 1 |a национальные стили 
610 1 |a практикумы 
610 1 |a семинары 
610 1 |a тренинги 
610 1 |a учебники 
686 |a Ф4(0)я73  |v LBC/SL-A  |2 rubbk 
700 1 |a Василенко  |b И. А.  |g Ирина Алексеевна 
712 0 2 |a Дипломатическая академия МИД России  |c (Москва)  |2 stltpush  |3 (RuTPU)RU\TPU\col\4186  |9 23942 
801 1 |a RU  |b 63413507  |c 20120907 
801 2 |a RU  |b 63413507  |c 20150603  |g RCR 
900 |a Международные отношения 
942 |c BK 
952 |l 8 
959 |a 111/20120907  |d 2  |e 339,99  |f ЧЗГЛ:1  |f АНЛ:1